Preety little baby/ (Record no. 45039)
[ view plain ]
| 000 -LEADER | |
|---|---|
| fixed length control field | 01173njm a22002417a 4500 |
| 005 - DATE AND TIME OF LATEST TRANSACTION | |
| control field | 20100910114559.0 |
| 007 - PHYSICAL DESCRIPTION FIXED FIELD--GENERAL INFORMATION | |
| fixed length control field | sd ammalaaahaa |
| 008 - FIXED-LENGTH DATA ELEMENTS--GENERAL INFORMATION | |
| fixed length control field | 100830t xxu||||| |||| 00| 0 hin d |
| 028 ## - PUBLISHER NUMBER | |
| Publisher number | 45-MGM-1185 |
| Source | Gramophon co. |
| 035 ## - SYSTEM CONTROL NUMBER | |
| System control number | GR-01867 |
| 040 ## - CATALOGING SOURCE | |
| Original cataloging agency | SED/VEN |
| 100 ## - MAIN ENTRY--PERSONAL NAME | |
| 9 (RLIN) | 17458 |
| Personal name | Connie Francis |
| 245 ## - TITLE STATEMENT | |
| Title | Preety little baby/ |
| Medium | [Sound recording] : |
| Statement of responsibility, etc | by Connie Francis |
| 246 ## - VARYING FORM OF TITLE | |
| Title proper/short title | प्रीटी लीत्त्ल बेबी / |
| 260 ## - PUBLICATION, DISTRIBUTION, ETC. (IMPRINT) | |
| Place of publication, distribution, etc | Dum Dum, India |
| Name of publisher, distributor, etc | MGM |
| Date of publication, distribution, etc | 1963 |
| 300 ## - PHYSICAL DESCRIPTION | |
| Extent | 1 Sound disc [Gramophone Record] : |
| Other physical details | analog, 33 1/3 rpm |
| Dimensions | 7 in (LP) |
| Type of unit | Gramophone Records |
| 500 ## - GENERAL NOTE | |
| General note | Brief record |
| 505 ## - FORMATTED CONTENTS NOTE | |
| Formatted contents note | पार्ट १ प्रीटी लीत्त्ल बेबी (कन्नी फ्रांसिस ) Part 1 Preety little baby (connie Francis) पार्ट २ इ 'म कन्नी बे वर्म थिस विंटर (हंटर बरकन ) Part 2 I'M Connie Be Warm this winter (hunter Barkan) |
| 650 ## - SUBJECT ADDED ENTRY--TOPICAL TERM | |
| Topical term or geographic name as entry element | Orchestra |
| 9 (RLIN) | 1186 |
| Geographic subdivision | India |
| General subdivision | Excerpts |
| 700 ## - ADDED ENTRY--PERSONAL NAME | |
| 9 (RLIN) | 19239 |
| 942 ## - ADDED ENTRY ELEMENTS (KOHA) | |
| Source of classification or shelving scheme | Dewey Decimal Classification |
| Item type | Gramaphone Records |
| Withdrawn status | Lost status | Source of classification or shelving scheme | Damaged status | Not for loan | Collection code | Home library | Current library | Date acquired | Source of acquisition | Total Checkouts | Barcode | Date last seen | Copy number | Price effective from | Koha item type |
|---|---|---|---|---|---|---|---|---|---|---|---|---|---|---|---|
| Dewey Decimal Classification | Not For Loan | Non-fiction | Central Library | Central Library | 10/09/2010 | SED /VEN | GR-01867 | 10/09/2010 | 1 | 10/09/2010 | Gramaphone Records |
